| 000 | 00468nam a2200169Ia 4500 | ||
|---|---|---|---|
| 999 |
_c8375 _d8375 |
||
| 020 | _a9788132209805 | ||
| 082 | _a338.954 GHO-; | ||
| 100 | _aGhosh, Madhusudan | ||
| 245 | 0 | _aLiberalization, growth and regional disparities in India | |
| 260 |
_aNew Delhi _bSpringer _c2013 |
||
| 300 | _axvii, 223 | ||
| 440 | _aIndia studies in business and economics ; Vol.1 | ||
| 650 | _aregional disparities | ||
| 650 | _aeconoMETRICS | ||
| 650 | _aLIBERALIZATION | ||
| 942 | _cBK | ||